Gesta pontificum Anglorum (Titelsatznr. 29552)
[ MARC ]
| 000 -Satzkennung | |
|---|---|
| Kontrollfeld mit fester Länge | 01042nam a22002531cc4500 |
| 001 - Kontrollnummer | |
| Kontrollfeld | a987692951+Volume2 |
| 035 ## - Systemkontrollnummer | |
| System-Kontrollnummer | a987692951 |
| 008 - Feld mit fester Länge zur physischen Beschreibung - Allgemeine Angaben | |
| Kontrollfeld mit fester Länge | 200114s2007 gw |||| 000u eng d |
| 040 ## - Katalogisierungsquelle | |
| Übertragungsstelle | RU-10907106 |
| 003 - Kontrollnummer Identifier | |
| Kontrollfeld | RU-10907106 |
| 245 00 - Titel | |
| Titel | Gesta pontificum Anglorum |
| Verfasserangabe etc. | William of Malmesbury. By R. M. Thomson with assistance of M. Winterbottom |
| Zählung des Teils/der Abteilung eines Werkes | Volume two |
| Titel eines Teils/einer Abteilung eines Werkes | Introduction and Commentary / |
| 264 ## - Produktion, Veröffentlichung, Distribution, Herstellung und Urheberrechtsvermerk | |
| Herstellungs-, Veröffentlichungs- Vertriebs-, Erzeugungsort | Oxford, [England] : |
| Produzent, Herausgeber, Distributor, Hersteller | Clarendon Press, |
| Datum der Herstellung, der Veröffentlichung, des Vertriebs oder des Urheberschutzvermerks | 2007 |
| 246 12 - Titelvarianten | |
| Hauptsachtitel/Kurztitel | Gesta pontificum Anglorum : The History of the English Bishops. Introduction and Commentary |
| Zählung des Teils/der Abteilung eines Werkes | Volume two |
| 300 ## - Physische Beschreibung | |
| Umfang | 1 Online-Ressource (416 pages) |
| 336 ## - Inhaltstyp | |
| Inhaltstypterm | Text |
| Inhaltstypcode | txt |
| Quelle | rdacontent |
| 337 ## - Medientyp | |
| Bezeichnung des Medientyps | Computermedien |
| Medientypcode | c |
| Quelle | rdamedia |
| 338 ## - Datenträgertyp | |
| Datenträgertypbezeichnung | Online-Ressource |
| Datenträgertypcode | cr |
| Quelle | rdacarrier |
| 655 #0 - Indexierungsterm - Genre/Form | |
| Genre/Form oder fokussierter Term | Fernzugriff |
| Koha-Normdatenidentnummer | 230 |
| 700 1# - Nebeneintragung - Personenname | |
| Personenname | Thomson, Rodney M. |
| Funktionsbezeichnung | HerausgeberIn |
| Koha-Normdatenidentnummer | 16989 |
| 700 1# - Nebeneintragung - Personenname | |
| Personenname | Winterbottom, M. |
| Funktionsbezeichnung | HerausgeberIn |
| Koha-Normdatenidentnummer | 16990 |
| 773 08 - Übergeordnete Einheit | |
| Datensatzkontrollnummer | a987692951 |
| Zählung und erste Seite | Volume2 |
| 856 4# - Elektronische Adresse und Zugriff | |
| URL | <a href="https://ebookcentral.proquest.com/lib/maxweberstiftung-ebooks/detail.action?docID=431328">https://ebookcentral.proquest.com/lib/maxweberstiftung-ebooks/detail.action?docID=431328</a> |
| 942 ## - Zusätzliche Felder (Koha) | |
| Koha-Medientyp | E-Books |
| Ausgeschieden | Verloren | Beschädigt | Nicht entleihbar | Heimatbibliothek | Aufenthaltsbibliothek | Aufstellungsort | Erwerbungsdatum | Inventarnummer | Signatur | Barcode | Letzte Aktivität | Preis gültig von | Koha-Medientyp |
|---|---|---|---|---|---|---|---|---|---|---|---|---|---|
| MWN Osteuropa | MWN Osteuropa | Online-Ressource | 14/01/2020 | 19-e00829 | E-19-e00829 | 29556 | 18/03/2021 | 22/03/2021 | E-Books |